Význam redoxních potenciálů a pH pletiv rostlin pro jejich rezistenci k chorobám a pro fyziologii rostlin = Redox potential and pH in plants and their function in the mechanism of resistance to diseases and in plant physiology /

Hlavní autor: Benada, Jaroslav, 1928-2022
Korporativní autor: Zemědělský výzkumný ústav Kroměříž
Jazyk: Čeština
Angličtina
Vydáno: Kroměříž : Agrotest fyto, 2012
Témata:
Fyzický popis: 64 s. : il. (některé barev.) ; 21 cm + 1 CD-ROM
Language note: Část. souběžný anglický text
Knihy
Uloženo v:
LEADER 02316nam a2200577 a 4500
001 nkc20122431490
003 CZ PrNK
005 20130131141206.0
007 ta
008 121219s2012 xr a f 000 0 cze
015 |a cnb002431490 
020 |a 978-80-87555-06-4  |q (brož.) 
035 |a (OCoLC)827262227 
040 |a ABA001  |b cze 
041 1 |a cze  |a eng  |h cze 
072 7 |a 632  |x Ochrana rostlin. Fytopatologie  |2 Konspekt  |9 24 
080 |a 632.938  |2 MRF 
080 |a 581.1  |2 MRF 
080 |a 632.2/.4  |2 MRF 
080 |a 544.431.132  |2 MRF 
080 |a 54-145.15/.17  |2 MRF 
080 |a 581.81/.82  |2 MRF 
080 |a (048.8)  |2 MRF 
100 1 |a Benada, Jaroslav,  |d 1928-2022  |7 jk01011511  |4 aut 
245 1 0 |a Význam redoxních potenciálů a pH pletiv rostlin pro jejich rezistenci k chorobám a pro fyziologii rostlin =  |b Redox potential and pH in plants and their function in the mechanism of resistance to diseases and in plant physiology /  |c Jaroslav Benada 
246 3 1 |a Redox potential and pH in plants and their function in the mechanism of resistance to diseases and in plant physiology 
260 |a Kroměříž :  |b Agrotest fyto,  |c 2012 
300 |a 64 s. :  |b il. (některé barev.) ;  |c 21 cm +  |e 1 CD-ROM 
500 |a Nad názvem: Zemědělský výzkumný ústav Kroměříž 
504 |a Obsahuje bibliografii 
546 |a Část. souběžný anglický text 
650 0 7 |a rezistence rostlin k chorobám  |7 ph498552  |2 czenas 
650 0 7 |a fyziologie rostlin  |7 ph114604  |2 czenas 
650 0 7 |a nemoci rostlin  |7 ph134930  |2 czenas 
650 0 7 |a redoxní děje  |7 ph301376  |2 czenas 
650 0 7 |a pH (chemie)  |7 ph381261  |2 czenas 
650 0 7 |a rostlinná pletiva  |7 ph740389  |2 czenas 
650 0 9 |a disease resistance in plants  |2 eczenas 
650 0 9 |a plant physiology  |2 eczenas 
650 0 9 |a plant diseases  |2 eczenas 
650 0 9 |a redox processes  |2 eczenas 
650 0 9 |a hydrogen-ion concentration  |2 eczenas 
650 0 9 |a plant tissues  |2 eczenas 
655 7 |a studie  |7 fd133597  |2 czenas 
655 9 |a studies  |2 eczenas 
710 2 |a Zemědělský výzkumný ústav Kroměříž  |7 kn20040211004 
910 2 |a BOA001  |b 2-1298.106 
990 |a BK 
995 |a 01 
991 |b 201301  |c NOV  |e n 
996 6 |b 2610531921  |c 2-1298.106  |l MZK  |r Sklad / do 1 hodiny  |n 1  |p p.v.  |w 001307277  |u 000010  |a 1  |e BOA001  |j MZK50  |s P